[Event "Medellin Sub zt 2.3.2"]
[Site "Medellin"]
[Date "2025.04.16"]
[Round "4"]
[White "Valderrama Quiceno, Esteban Alberto"]
[Black "Herrera, Juan Sebastian"]
[Result "1/2-1/2"]
[WhiteElo "2382"]
[BlackElo "2230"]
[PlyCount "37"]
[EventDate "2025.04.14"]
[EventType "swiss"]
[EventRounds "9"]
[EventCountry "COL"]
[SourceTitle "CB18_2025"]
[SourceDate "2025.04.30"]
[SourceVersion "1"]
[SourceVersionDate "2025.04.30"]
[SourceQuality "1"]

1. e4 e5 2. Bc4 Nf6 3. Nc3 Nc6 4. d3 Bc5 5. f4 d6 6. f5 Nd4 7. Bg5 c6 8. Nf3 b5 9. Bb3 a5 10. a3 Nxb3 11. cxb3 h6 12. Bh4 Ra7 13. Qe2 g5 14. Bf2 Qb6 15. Bxc5 Qxc5 16. Qf2 Nd7 17. Nd2 Ra6 18. Rc1 a4 19. Kf1 1/2-1/2

[Event "Bolivarian Games Blitz"]
[Site "Lima"]
[Date "2024.12.03"]
[Round "3.6"]
[White "Leon Archibaldo, Orlando Andres"]
[Black "Valderrama Quiceno, Esteban Alberto"]
[Result "0-1"]
[WhiteElo "2192"]
[BlackElo "2378"]
[PlyCount "68"]
[EventDate "2024.12.03"]
[EventType "team (blitz)"]
[EventRounds "5"]
[EventCountry "PER"]
[SourceTitle "CB50_2024"]
[SourceDate "2024.11.01"]
[SourceVersion "1"]
[SourceVersionDate "2024.11.01"]
[SourceQuality "2"]
[WhiteTeam "Panama"]
[BlackTeam "Colombia"]
[WhiteTeamCountry "PAN"]
[BlackTeamCountry "COL"]

1. d4 Nf6 2. Nc3 d6 3. e4 g6 4. Bf4 a6 5. Qd2 b5 6. a3 Bb7 7. Bd3 Nbd7 8. Nf3 c5 9. d5 c4 10. Be2 Nc5 11. Qe3 Bg7 12. h3 0-0 13. Nd2 Re8 14. 0-0 e6 15. dxe6 Rxe6 16. f3 Qe7 17. Bh6 Bh8 18. Qf2 d5 19. exd5 Nxd5 20. Nce4 Rc8 21. c3 Na4 22. Rab1 f5 23. Bg5 Qf8 24. Qa7 Rc7 25. Ng3 h6 26. Rfe1 hxg5 27. Bf1 Qc5+ 28. Qxc5 Nxc5 29. Rbd1 Ne3 30. Rc1 Rce7 31. Be2 Be5 32. Ngf1 Nxf1 33. Kxf1 Bf4 34. Rcd1 Bg3 0-1

[Event "Bolivarian Games Rapid"]
[Site "Lima"]
[Date "2024.12.02"]
[Round "3.6"]
[White "Leon Archibaldo, Orlando Andres"]
[Black "Valderrama Quiceno, Esteban Alberto"]
[Result "0-1"]
[WhiteElo "2192"]
[BlackElo "2378"]
[PlyCount "99"]
[EventDate "2024.12.02"]
[EventType "team (rapid)"]
[EventRounds "5"]
[EventCountry "PER"]
[SourceTitle "CB50_2024"]
[SourceDate "2024.11.01"]
[SourceVersion "1"]
[SourceVersionDate "2024.11.01"]
[SourceQuality "2"]
[WhiteTeam "Panama"]
[BlackTeam "Colombia"]
[WhiteTeamCountry "PAN"]
[BlackTeamCountry "COL"]

1. d4 Nf6 2. Nf3 e6 3. Nc3 d5 4. Bg5 Bb4 5. a3 Bxc3+ 6. bxc3 c5 7. Bxf6 Qxf6 8. e3 0-0 9. Be2 Nc6 10. 0-0 Rd8 11. Bb5 Ne7 12. Be2 Ng6 13. Bd3 Bd7 14. a4 Rac8 15. a5 Rc7 16. Qb1 Rdc8 17. Ra2 Be8 18. Rb2 Qe7 19. Qa2 f6 20. Rfb1 Nf8 21. Nd2 c4 22. Be2 e5 23. Bg4 Rd8 24. dxe5 fxe5 25. Be2 e4 26. Bg4 Ng6 27. Bh5 Bc6 28. Bxg6 hxg6 29. Nf1 Rf8 30. Ng3 Qf6 31. Rf1 Qxc3 32. Ne2 Qe5 33. Nd4 Rf6 34. Qa3 Be8 35. c3 g5 36. Rfb1 Rh6 37. g3 g4 38. Rxb7 Qh5 39. Rxc7 Qxh2+ 40. Kf1 Qh1+ 41. Ke2 Qxb1 42. Rc8 Rh1 43. Rxe8+ Kh7 44. Rh8+ Kxh8 45. Qf8+ Kh7 46. Qf5+ Kh6 47. Qf4+ Kh7 48. Qf5+ Kg8 49. Qxd5+ Kh8 50. Qd8+ 0-1

[Event "COL-chT sf"]
[Site "Medellin"]
[Date "2024.11.08"]
[Round "2.3"]
[White "Garcia, Eder Raimundo"]
[Black "Valderrama Quiceno, Esteban Alberto"]
[Result "0-1"]
[WhiteElo "1600"]
[BlackElo "2391"]
[PlyCount "72"]
[EventDate "2024.11.07"]
[EventType "team-swiss"]
[EventRounds "6"]
[EventCountry "COL"]
[SourceTitle "CB49_2024"]
[SourceDate "2024.12.04"]
[SourceVersion "1"]
[SourceVersionDate "2024.12.04"]
[SourceQuality "1"]
[WhiteTeam "Amazonas"]
[BlackTeam "Antioquia"]
[WhiteTeamCountry "COL"]
[BlackTeamCountry "COL"]

1. d4 Nf6 2. Bf4 g6 3. e3 Bg7 4. c4 0-0 5. Nf3 d6 6. Be2 Nc6 7. 0-0 Nh5 8. Bg5 h6 9. Bh4 g5 10. Bg3 e5 11. d5 Nxg3 12. hxg3 e4 13. Nd4 Nxd4 14. exd4 Qf6 15. Nc3 Bf5 16. g4 Bg6 17. Qb3 Qxd4 18. Rad1 Qb6 19. Qxb6 axb6 20. Nb5 Rxa2 21. Rd2 Rc8 22. f4 e3 23. Rdd1 gxf4 24. Rxf4 Rxb2 25. Kf1 Ra8 26. Rf3 Rb3 27. Nxc7 Ra2 28. Nb5 Be5 29. c5 bxc5 30. Bc4 Rab2 31. Re1 Rxb5 32. Bxb5 Rxb5 33. Rexe3 c4 34. Ra3 Rxd5 35. Ra4 c3 36. Rc4 Bd3+ 0-1

[Event "Medellin Raza Antioquia"]
[Site "Medellin"]
[Date "2024.10.13"]
[Round "7"]
[White "Mareco, Sandro"]
[Black "Valderrama Quiceno, Esteban Alberto"]
[Result "1-0"]
[WhiteElo "2574"]
[BlackElo "2407"]
[PlyCount "85"]
[EventDate "2024.10.10"]
[EventType "swiss"]
[EventRounds "9"]
[EventCountry "COL"]
[SourceTitle "CB43_2024"]
[Source "Chessbase"]
[SourceDate "2024.10.23"]
[SourceVersion "1"]
[SourceVersionDate "2024.10.23"]
[SourceQuality "1"]

1. e4 c6 2. d4 d5 3. e5 Bf5 4. Nf3 e6 5. Be2 Nd7 6. 0-0 h6 7. a4 Ne7 8. c3 Bh7 9. a5 a6 10. b4 Ng6 11. Ne1 Be7 12. Nd3 Qc7 13. Nd2 0-0 14. Nb3 f6 15. f4 Nh4 16. g3 Nf5 17. Ra2 Rf7 18. Bh5 g6 19. Bg4 fxe5 20. fxe5 g5 21. Bh5 Rff8 22. Nf2 Ng7 23. Be2 Nf5 24. Bd3 Kg7 25. Ng4 Rf7 26. Raf2 Raf8 27. Ne3 Nb8 28. Nxf5+ exf5 29. Qc2 Kg8 30. Bxf5 Rxf5 31. Rxf5 Rxf5 32. Rxf5 Qc8 33. g4 Nd7 34. Qf2 Nf8 35. h3 Ng6 36. Nc5 Nh4 37. Rf6 Be4 38. Nxe4 dxe4 39. Qa2+ Kh8 40. Rxh6+ Kg7 41. Qe6 Nf3+ 42. Kf2 Qe8 43. Rh5 1-0

[Event "Juegos Univers 31st rap op"]
[Site "Pereira"]
[Date "2024.10.02"]
[Round "2"]
[White "Garcia Rojas, Miguel Angel"]
[Black "Valderrama Quiceno, Esteban Alberto"]
[Result "0-1"]
[WhiteElo "1869"]
[BlackElo "2407"]
[PlyCount "44"]
[EventDate "2024.10.01"]
[EventType "swiss"]
[EventRounds "7"]
[EventCountry "COL"]
[SourceTitle "EXT 2025"]
[Source "ChessBase"]
[SourceDate "2024.10.14"]
[SourceVersion "1"]
[SourceVersionDate "2024.10.14"]
[SourceQuality "1"]

1. d4 Nf6 2. Bf4 e6 3. e3 c5 4. dxc5 Bxc5 5. Nd2 0-0 6. Nb3 Be7 7. Nf3 Nc6 8. Bd6 a5 9. Rb1 a4 10. Bxe7 Qxe7 11. Nbd4 a3 12. c3 axb2 13. Rxb2 d5 14. Be2 Ne4 15. Qb3 Ra3 16. Nxc6 bxc6 17. Qb4 Qa7 18. 0-0 c5 19. Qb8 Qxb8 20. Rxb8 Nxc3 21. Rb2 Nxe2+ 22. Rxe2 Ba6 0-1

[Event "Juegos Univers 31st rap op"]
[Site "Pereira"]
[Date "2024.10.02"]
[Round "3"]
[White "Valderrama Quiceno, Esteban Alberto"]
[Black "Loaiza Cuervo, Santiago"]
[Result "1-0"]
[WhiteElo "2407"]
[BlackElo "2046"]
[PlyCount "33"]
[EventDate "2024.10.01"]
[EventType "swiss"]
[EventRounds "7"]
[EventCountry "COL"]
[SourceTitle "EXT 2025"]
[Source "ChessBase"]
[SourceDate "2024.10.14"]
[SourceVersion "1"]
[SourceVersionDate "2024.10.14"]
[SourceQuality "1"]

1. e4 c5 2. Nf3 d6 3. d4 cxd4 4. Qxd4 Nc6 5. Bb5 a6 6. Bxc6+ bxc6 7. 0-0 e5 8. Qd3 Ne7 9. Nbd2 Ng6 10. Nc4 Be6 11. Rd1 Ra7 12. Nxd6+ Bxd6 13. Qxd6 Qxd6 14. Rxd6 Ke7 15. Rxc6 Rd8 16. Be3 Rb7 17. b3 1-0

[Event "Juegos Univers 31st rap op"]
[Site "Pereira"]
[Date "2024.10.02"]
[Round "6"]
[White "Zapata Montoya, Andres Geronimo"]
[Black "Valderrama Quiceno, Esteban Alberto"]
[Result "1/2-1/2"]
[WhiteElo "2139"]
[BlackElo "2407"]
[PlyCount "127"]
[EventDate "2024.10.01"]
[EventType "swiss"]
[EventRounds "7"]
[EventCountry "COL"]
[SourceTitle "EXT 2025"]
[Source "ChessBase"]
[SourceDate "2024.10.14"]
[SourceVersion "1"]
[SourceVersionDate "2024.10.14"]
[SourceQuality "1"]

1. e4 d6 2. d4 Nf6 3. Nc3 g6 4. Be3 c6 5. Qd2 Nbd7 6. Bd3 e5 7. f3 Bg7 8. Nge2 h5 9. 0-0-0 b5 10. d5 cxd5 11. Nxd5 Nxd5 12. exd5 a6 13. g4 hxg4 14. fxg4 Nf6 15. g5 Nh5 16. Be4 Bf5 17. Qd3 Qd7 18. Rdf1 Bxe4 19. Qxe4 0-0 20. Ng3 Qh3 21. Nxh5 Qxh5 22. h4 Rac8 23. Rf2 Rc4 24. Qf3 Rg4 25. Qd1 Rc8 26. Rfh2 Re4 27. Qxh5 gxh5 28. Kd2 Kh7 29. Rf2 Kg6 30. b3 Rc7 31. c3 Rg4 32. Bb6 Rd7 33. Rhh2 f5 34. gxf6 Bxf6 35. Rfg2 Kf5 36. Rf2+ Kg6 37. Rfg2 Rf7 38. Rxg4+ hxg4 39. h5+ Kf5 40. Be3 g3 41. Rh1 Rh7 42. Rf1+ Ke4 43. Rxf6 Rxh5 44. Rh6 Rf5 45. Ke2 Kxd5 46. Rg6 Rh5 47. Rh6 Rf5 48. Rh3 g2 49. Rg3 Rf1 50. Rxg2 Ra1 51. Kf3 a5 52. Rd2+ Kc6 53. Ke4 Rh1 54. Kf5 Rh3 55. Bg5 Rh5 56. c4 bxc4 57. bxc4 Kc5 58. Rd5+ Kxc4 59. Rxd6 Rh2 60. Bd2 Rh3 61. Kxe5 Ra3 62. Rd4+ Kb5 63. Rd5+ Ka6 64. Rxa5+ 1/2-1/2

[Event "Juegos Univers 31st op"]
[Site "Pereira"]
[Date "2024.09.29"]
[Round "3"]
[White "Valderrama Quiceno, Esteban Alberto"]
[Black "Loaiza Cuervo, Santiago"]
[Result "1-0"]
[WhiteElo "2418"]
[BlackElo "2046"]
[PlyCount "69"]
[EventDate "2024.09.28"]
[EventType "swiss"]
[EventRounds "7"]
[EventCountry "COL"]
[SourceTitle "EXT 2025"]
[Source "ChessBase"]
[SourceDate "2024.10.14"]
[SourceVersion "1"]
[SourceVersionDate "2024.10.14"]
[SourceQuality "1"]

1. Nf3 Nf6 2. g3 g6 3. Bg2 Bg7 4. 0-0 0-0 5. d4 d6 6. c4 c6 7. h3 Bf5 8. g4 Be6 9. Qc2 d5 10. Nbd2 Qc8 11. Ng5 h5 12. Nxe6 Qxe6 13. g5 Nfd7 14. e3 Na6 15. Qb3 Nc7 16. Qxb7 Rfc8 17. Qb3 Rab8 18. Qd3 c5 19. cxd5 Nxd5 20. Qe4 Nb4 21. a3 Qxe4 22. Bxe4 Nc6 23. Nf3 a5 24. Rd1 c4 25. Rb1 a4 26. Bd2 Nb6 27. Rdc1 Na7 28. Bb4 Bf8 29. Ne5 e6 30. Ba5 Nd5 31. Rxc4 Rxc4 32. Nxc4 Rc8 33. Bxd5 exd5 34. Nb6 Rb8 35. Rc1 1-0

[Event "Juegos Univers 31st op"]
[Site "Pereira"]
[Date "2024.09.28"]
[Round "1"]
[White "Valderrama Quiceno, Esteban Alberto"]
[Black "Ramirez Andrade, Leonardo Jesus"]
[Result "1-0"]
[WhiteElo "2418"]
[BlackElo "1846"]
[PlyCount "105"]
[EventDate "2024.09.28"]
[EventType "swiss"]
[EventRounds "7"]
[EventCountry "COL"]
[SourceTitle "EXT 2025"]
[Source "ChessBase"]
[SourceDate "2024.10.14"]
[SourceVersion "1"]
[SourceVersionDate "2024.10.14"]
[SourceQuality "1"]

1. c4 c5 2. Nf3 Nc6 3. d4 cxd4 4. Nxd4 g6 5. e4 Bg7 6. Be3 Qb6 7. Nb5 Qd8 8. N1c3 a6 9. Nd4 d6 10. Be2 Bd7 11. 0-0 Nf6 12. Nb3 0-0 13. Rc1 Ne5 14. c5 dxc5 15. Nxc5 Bc6 16. f4 Qxd1 17. Rfxd1 Neg4 18. Bd4 Nh6 19. e5 Nd5 20. Nxd5 Bxd5 21. Nd7 Rfd8 22. Nb6 Rab8 23. Nxd5 Rxd5 24. Bf3 Rd7 25. Bb6 Rxd1+ 26. Rxd1 Rc8 27. Rd8+ Rxd8 28. Bxd8 b5 29. Bb7 Bf8 30. Bxa6 b4 31. a4 bxa3 32. bxa3 e6 33. a4 Bc5+ 34. Kf1 Ng4 35. Ke2 Nxh2 36. a5 Ba7 37. Bb6 Bb8 38. Bc4 Ng4 39. a6 g5 40. g3 gxf4 41. gxf4 h5 42. Kf3 Kf8 43. a7 Bxa7 44. Bxa7 Nh6 45. Bd3 Kg7 46. Bd4 Ng8 47. Kg3 Ne7 48. Kh4 Kh6 49. Bc5 Ng6+ 50. Bxg6 Kxg6 51. Be7 Kh6 52. Bf6 Kg6 53. Bg5 1-0

[Event "Olympiad-45"]
[Site "Budapest"]
[Date "2024.09.22"]
[Round "11.4"]
[White "Kojima, Shinya"]
[Black "Valderrama Quiceno, Esteban Alberto"]
[Result "1-0"]
[WhiteElo "2299"]
[BlackElo "2418"]
[PlyCount "107"]
[EventDate "2024.09.11"]
[EventType "team-swiss"]
[EventRounds "11"]
[EventCountry "HUN"]
[SourceTitle "EXT 2025"]
[Source "ChessBase"]
[SourceDate "2024.10.14"]
[SourceVersion "1"]
[SourceVersionDate "2024.10.14"]
[SourceQuality "1"]
[WhiteTeam "Japan"]
[BlackTeam "Colombia"]
[WhiteTeamCountry "JPN"]
[BlackTeamCountry "COL"]

1. d4 Nf6 2. c4 e6 3. Nf3 d5 4. Nc3 Be7 5. Bf4 0-0 6. e3 c5 7. dxc5 Bxc5 8. a3 Nc6 9. Qc2 Qa5 10. Rd1 Be7 11. Be2 Ne4 12. cxd5 Nxc3 13. Qxc3 Qxc3+ 14. bxc3 exd5 15. Rxd5 Bxa3 16. Nd4 Nxd4 17. exd4 b6 18. Rb5 Re8 19. Kd2 Ba6 20. Re5 Bxe2 21. Rxe2 Rxe2+ 22. Kxe2 b5 23. Rb1 a6 24. Kd3 f6 25. c4 bxc4+ 26. Kxc4 Rc8+ 27. Kd3 a5 28. Bd2 Bb4 29. Bxb4 Rb8 30. Rb2 axb4 31. Kc4 Rc8+ 32. Kxb4 Kf7 33. Re2 Rd8 34. Kc5 Rc8+ 35. Kb6 Rd8 36. Kc5 Rc8+ 37. Kb4 Rd8 38. Kc4 Rc8+ 39. Kd3 Rd8 40. g4 g6 41. f4 f5 42. gxf5 gxf5 43. Re5 Kf6 44. d5 Rd6 45. Kc4 Rd8 46. Kd4 Ra8 47. d6 Ra2 48. h4 Ra4+ 49. Kd5 Ra5+ 50. Kc6 Ra6+ 51. Kc7 Ra7+ 52. Kb6 Ra4 53. d7 Rd4 54. Kc6 1-0

[Event "Medellin Castro Memorial op-A 31st"]
[Site "Medellin"]
[Date "2024.08.10"]
[Round "7"]
[White "Herrera, Juan Sebastian"]
[Black "Valderrama Quiceno, Esteban Alberto"]
[Result "0-1"]
[WhiteElo "2217"]
[BlackElo "2420"]
[PlyCount "50"]
[EventDate "2024.08.07"]
[EventType "swiss"]
[EventRounds "10"]
[EventCountry "COL"]
[SourceTitle "CBM 221 Extra"]
[Source "ChessBase"]
[SourceDate "2024.09.30"]
[SourceVersion "1"]
[SourceVersionDate "2024.09.30"]
[SourceQuality "1"]

1. e4 c6 2. d4 d5 3. Nd2 dxe4 4. Nxe4 Nf6 5. Nxf6+ exf6 6. c3 Bd6 7. Bd3 0-0 8. Qc2 Re8+ 9. Ne2 h5 10. Be3 Nd7 11. 0-0-0 b5 12. d5 c5 13. Bxb5 Rb8 14. Bc6 Re7 15. Ng3 Ne5 16. Qa4 Qb6 17. Rd2 Nd3+ 18. Rxd3 Qxb2+ 19. Kd1 Bg4+ 20. f3 Rxe3 21. Qc2 Rxd3+ 22. Qxd3 Bxg3 23. fxg4 Qa1+ 24. Ke2 Qxa2+ 25. Kf3 Qf2+ 0-1

[Event "Medellin Castro Memorial op-A 31st"]
[Site "Medellin"]
[Date "2024.08.09"]
[Round "5"]
[White "Ortiz Monsalve, Sebastian"]
[Black "Valderrama Quiceno, Esteban Alberto"]
[Result "0-1"]
[WhiteElo "2031"]
[BlackElo "2420"]
[PlyCount "47"]
[EventDate "2024.08.07"]
[EventType "swiss"]
[EventRounds "10"]
[EventCountry "COL"]
[SourceTitle "CBM 221 Extra"]
[Source "ChessBase"]
[SourceDate "2024.09.30"]
[SourceVersion "1"]
[SourceVersionDate "2024.09.30"]
[SourceQuality "1"]

1. e4 d6 2. d4 Nf6 3. Nc3 g6 4. Nf3 Bg7 5. h3 0-0 6. Be3 a6 7. a4 Nc6 8. Qd2 e5 9. d5 Ne7 10. a5 Ne8 11. Be2 f5 12. Bg5 Nf6 13. Bxf6 Rxf6 14. h4 h6 15. Rg1 fxe4 16. Nxe4 Rf4 17. Nc3 Qf8 18. Ra4 Rxa4 19. Nxa4 e4 20. Nh2 Nf5 21. h5 Qe8 22. Nf1 Qxa4 23. g4 Qa1+ 24. Qd1 0-1

[Event "Medellin Castro Memorial op-A 31st"]
[Site "Medellin"]
[Date "2024.08.07"]
[Round "2"]
[White "Rodriguez Velasco, German Enrique"]
[Black "Valderrama Quiceno, Esteban Alberto"]
[Result "1-0"]
[WhiteElo "2065"]
[BlackElo "2420"]
[PlyCount "171"]
[EventDate "2024.08.07"]
[EventType "swiss"]
[EventRounds "10"]
[EventCountry "COL"]
[SourceTitle "CBM 221 Extra"]
[Source "ChessBase"]
[SourceDate "2024.09.30"]
[SourceVersion "1"]
[SourceVersionDate "2024.09.30"]
[SourceQuality "1"]

1. e4 d5 2. exd5 Qxd5 3. Nc3 Qd6 4. d4 Nf6 5. Nf3 a6 6. g3 Bg4 7. Bg2 Nc6 8. 0-0 0-0-0 9. h3 Bh5 10. Bf4 Qb4 11. a3 Qb6 12. g4 Bg6 13. Na4 Qa7 14. c3 e6 15. b4 h5 16. g5 Nd5 17. Bd2 Nb6 18. Nc5 Nc4 19. Qb3 Bxc5 20. Qxc4 Bd6 21. Nh4 Ne7 22. Be3 Qb8 23. a4 Kd7 24. b5 a5 25. Qe2 Ke8 26. c4 Bb4 27. Rad1 Kf8 28. d5 exd5 29. cxd5 Kg8 30. Bf4 Nf5 31. Nxf5 Bxf5 32. Qe5 Bc2 33. Qxc7 Bxd1 34. Rxd1 Qxc7 35. Bxc7 Rd6 36. Bxd6 Bxd6 37. Rc1 Kh7 38. Be4+ g6 39. b6 Re8 40. f3 Kg7 41. Kf2 Kf8 42. Ke2 Ke7 43. Kd3 Ra8 44. Kd4 Bf4 45. d6+ Kxd6 46. Rc7 Bxg5 47. Rxf7 Rb8 48. Bxg6 Bd8 49. Kc4 Bxb6 50. Rf6+ Kc7 51. Bxh5 Rd8 52. Rf4 Rd1 53. Bg4 Bf2 54. Re4 Kc6 55. f4 Rc1+ 56. Kd3 Ra1 57. f5 Ra3+ 58. Kc2 Kd5 59. Rf4 Ke5 60. Rc4 Kd5 61. Rc7 Rxa4 62. Rxb7 Bd4 63. Rd7+ Ke4 64. Re7+ Kf4 65. Re6 Ra2+ 66. Kd3 Bc5 67. f6 Rf2 68. f7 Kg3 69. Rg6 Kh4 70. Be6 Bb4 71. Ke4 Kh5 72. Rg8 Re2+ 73. Kf5 Rf2+ 74. Ke5 Bc3+ 75. Ke4 Bb4 76. Bg4+ Kh4 77. Bf3 Kxh3 78. f8Q Bxf8 79. Rxf8 Rb2 80. Kf4 Rb4+ 81. Be4 Kh2 82. Rg8 a4 83. Rg2+ Kh3 84. Rg1 Rb2 85. Rg8 Rf2+ 86. Bf3 1-0

[Event "American Continental Rapid 18th"]
[Site "Medellin"]
[Date "2024.06.01"]
[Round "8"]
[White "Martinez Duany, Lelys Stanley"]
[Black "Valderrama Quiceno, Esteban Alberto"]
[Result "1/2-1/2"]
[WhiteElo "2453"]
[BlackElo "2433"]
[PlyCount "22"]
[EventDate "2024.06.01"]
[EventType "swiss (rapid)"]
[EventRounds "9"]
[EventCountry "COL"]
[SourceTitle "CBM 220 Extra"]
[Source "ChessBase"]
[SourceDate "2024.07.31"]
[SourceVersion "1"]
[SourceVersionDate "2024.07.31"]
[SourceQuality "1"]

1. Nf3 Nf6 2. e3 e6 3. c4 b6 4. d4 Bb7 5. Bd3 d5 6. cxd5 exd5 7. Nc3 a6 8. 0-0 Be7 9. b3 0-0 10. Bb2 Nbd7 11. Rc1 Bd6 1/2-1/2

[Event "American Continental Rapid 18th"]
[Site "Medellin"]
[Date "2024.06.01"]
[Round "2"]
[White "Valderrama Quiceno, Esteban Alberto"]
[Black "Castro Lombana, Juan Pablo"]
[Result "1-0"]
[WhiteElo "2433"]
[BlackElo "1929"]
[PlyCount "85"]
[EventDate "2024.06.01"]
[EventType "swiss (rapid)"]
[EventRounds "9"]
[EventCountry "COL"]
[SourceTitle "CBM 220 Extra"]
[Source "ChessBase"]
[SourceDate "2024.07.31"]
[SourceVersion "1"]
[SourceVersionDate "2024.07.31"]
[SourceQuality "1"]

1. Nf3 d5 2. g3 Bg4 3. Bg2 Bxf3 4. Bxf3 Nf6 5. 0-0 e5 6. d3 Nbd7 7. c4 c6 8. cxd5 cxd5 9. Nc3 d4 10. Nb1 Rb8 11. a4 Be7 12. Nd2 h5 13. h4 a6 14. a5 Ng4 15. Kg2 Ndf6 16. Nc4 Qd7 17. Nb6 Qf5 18. Qa4+ Kf8 19. Bg5 Kg8 20. Rac1 Kh7 21. Rc7 Bd6 22. Rxf7 Qe6 23. Qc4 Qe8 24. Nd7 Kg6 25. Bxf6 Nxf6 26. Rxf6+ gxf6 27. Nxb8 Bxb8 28. Bxb7 Qe7 29. Qxa6 Rg8 30. Bd5 Rd8 31. Be4+ Kg7 32. Rc1 Qf7 33. Rc8 Rd6 34. Qb5 Bc7 35. Qc5 Rd7 36. a6 Bd6 37. Qc6 Bf8 38. Rb8 f5 39. Rb7 Re7 40. Bd5 Qf6 41. Qxf6+ Kxf6 42. Rxe7 Bxe7 43. a7 1-0

[Event "American Continental Rapid 18th"]
[Site "Medellin"]
[Date "2024.06.01"]
[Round "5"]
[White "Valderrama Quiceno, Esteban Alberto"]
[Black "Gamboa, Nelson"]
[Result "1-0"]
[WhiteElo "2433"]
[BlackElo "2301"]
[PlyCount "113"]
[EventDate "2024.06.01"]
[EventType "swiss (rapid)"]
[EventRounds "9"]
[EventCountry "COL"]
[SourceTitle "CBM 220 Extra"]
[Source "ChessBase"]
[SourceDate "2024.07.31"]
[SourceVersion "1"]
[SourceVersionDate "2024.07.31"]
[SourceQuality "1"]

1. Nf3 c5 2. c4 Nc6 3. d4 cxd4 4. Nxd4 Nf6 5. Nc3 d6 6. e4 Bd7 7. Nc2 a6 8. Be2 e6 9. 0-0 Be7 10. Be3 Ne5 11. f4 Ng6 12. Qd2 Bc6 13. Bd3 0-0 14. Kh1 d5 15. cxd5 exd5 16. e5 Ne4 17. Bxe4 dxe4 18. Nd4 f5 19. Nxc6 bxc6 20. Qc2 Qe8 21. Rfd1 Kh8 22. Na4 Nh4 23. Nb6 Rd8 24. Qe2 Qg6 25. b3 Rd3 26. Rxd3 exd3 27. Qf1 Rd8 28. Rd1 Qg4 29. g3 Qe2 30. Re1 Qxa2 31. gxh4 Qxb3 32. Rb1 Qa2 33. Ra1 Qe2 34. Re1 Qb2 35. Nc4 Qb3 36. Nd2 Qa2 37. Ra1 Qc2 38. Rc1 Qa4 39. Qf3 c5 40. h5 h6 41. Qb7 Qe8 42. Qf3 a5 43. Nc4 a4 44. Bd2 Rd4 45. Ne3 Qd7 46. Rb1 Qe6 47. Rb8+ Rd8 48. Rxd8+ Bxd8 49. Qa8 Qg8 50. Qxa4 Kh7 51. Qd7 c4 52. Qxf5+ Kh8 53. Qe4 Bb6 54. Nxc4 Bc5 55. e6 Qe8 56. Qd5 Qb5 57. Kg2 1-0

[Event "American Continental Blitz 18th"]
[Site "Medellin"]
[Date "2024.05.29"]
[Round "6"]
[White "Araujo Sanchez, Josue"]
[Black "Valderrama Quiceno, Esteban Alberto"]
[Result "1/2-1/2"]
[WhiteElo "2266"]
[BlackElo "2437"]
[PlyCount "156"]
[EventDate "2024.05.29"]
[EventType "swiss (blitz)"]
[EventRounds "9"]
[EventCountry "COL"]
[SourceTitle "CBM 220 Extra"]
[Source "ChessBase"]
[SourceDate "2024.07.31"]
[SourceVersion "1"]
[SourceVersionDate "2024.07.31"]
[SourceQuality "1"]

1. Nf3 Nf6 2. d4 e6 3. e3 c5 4. Bd3 cxd4 5. exd4 b6 6. 0-0 Bb7 7. Re1 Be7 8. Nbd2 0-0 9. Nf1 d6 10. c3 a6 11. Ng3 Nbd7 12. a4 Re8 13. Bg5 h6 14. Be3 Qc7 15. Rc1 Bf8 16. Bb1 Bc6 17. c4 Qb7 18. b3 b5 19. axb5 axb5 20. h3 Rac8 21. Nf1 Be4 22. Bxe4 Nxe4 23. N1d2 Nef6 24. Qe2 Rc7 25. Ra1 Rb8 26. Ra5 bxc4 27. bxc4 Qc8 28. Rc1 Ra8 29. Rxa8 Qxa8 30. Qd3 Rc8 31. Rb1 Qa6 32. Qb3 Ra8 33. g4 Rb8 34. Qc2 Rc8 35. Qb3 Qa5 36. Kg2 Qd8 37. Qd3 Qe8 38. Rb5 Rb8 39. Qb1 Ra8 40. Qb3 Qc8 41. Qd3 Qc7 42. Bf4 Qc6 43. Kh2 Rc8 44. Qb3 Qa8 45. Be3 Ne4 46. Qb1 Nxd2 47. Nxd2 Nf6 48. Qb3 Qc6 49. Qd3 Qc7 50. Kg2 Ra8 51. Ne4 Ne8 52. Nd2 Rc8 53. Rb3 Nf6 54. Rb5 Qc6+ 55. Kg1 Nd7 56. Qb3 Nf6 57. Qd3 Qa8 58. Qb1 Ne8 59. Qb3 Qc6 60. Rb6 Qd7 61. Rb7 Rc7 62. Rxc7 Qxc7 63. Qb5 Nf6 64. Kg2 Qc8 65. Kf3 Qa8+ 66. Kg3 Qh1 67. c5 dxc5 68. dxc5 Qd5 69. Qb8 Nd7 70. Qd8 Nxc5 71. Qxd5 exd5 72. Bxc5 Bxc5 73. f4 Kf8 74. Nb3 Bb6 75. Kf3 Ke7 76. Ke2 g5 77. fxg5 hxg5 78. Nd2 Ke6 1/2-1/2

[Event "American Continental Blitz 18th"]
[Site "Medellin"]
[Date "2024.05.29"]
[Round "4"]
[White "Diaz Rosas, Julio Cesar"]
[Black "Valderrama Quiceno, Esteban Alberto"]
[Result "0-1"]
[WhiteElo "2406"]
[BlackElo "2437"]
[PlyCount "86"]
[EventDate "2024.05.29"]
[EventType "swiss (blitz)"]
[EventRounds "9"]
[EventCountry "COL"]
[SourceTitle "CBM 220 Extra"]
[Source "ChessBase"]
[SourceDate "2024.07.31"]
[SourceVersion "1"]
[SourceVersionDate "2024.07.31"]
[SourceQuality "1"]

1. Nf3 Nf6 2. d4 e6 3. c4 Bb4+ 4. Nbd2 0-0 5. a3 Be7 6. e4 d6 7. Bd3 Nfd7 8. h4 e5 9. h5 exd4 10. Nxd4 Bf6 11. N4f3 Nc5 12. Bc2 a5 13. h6 g6 14. Rb1 a4 15. Nf1 Re8 16. Ng3 Nbd7 17. Be3 Qe7 18. 0-0 Nb6 19. e5 dxe5 20. Bxc5 Qxc5 21. Ne4 Qe7 22. c5 Rd8 23. Qe2 Nd5 24. Nxf6+ Qxf6 25. Qxe5 Qxe5 26. Nxe5 Be6 27. Rfe1 Nf6 28. Rbd1 Rxd1 29. Rxd1 Kf8 30. Rd4 Ra5 31. c6 b5 32. Nd3 Ke7 33. Nb4 Ng4 34. Nd5+ Bxd5 35. Rxd5 Nf6 36. Rd4 Ra6 37. Bd3 Rxc6 38. Bxb5 Rb6 39. Bxa4 Rxb2 40. g4 g5 41. Rc4 Rb7 42. Bc2 Kd6 43. Kg2 c5 0-1

[Event "American Continental 18th"]
[Site "Medellin"]
[Date "2024.05.29"]
[Round "8"]
[White "Valderrama Quiceno, Esteban Alberto"]
[Black "Oro, Faustino"]
[Result "1/2-1/2"]
[WhiteElo "2437"]
[BlackElo "2351"]
[PlyCount "34"]
[EventDate "2024.05.24"]
[EventType "swiss"]
[EventRounds "11"]
[EventCountry "COL"]
[SourceTitle "CBM 220 Extra"]
[Source "ChessBase"]
[SourceDate "2024.07.31"]
[SourceVersion "1"]
[SourceVersionDate "2024.07.31"]
[SourceQuality "1"]

1. Nf3 Nf6 2. g3 d5 3. Bg2 e6 4. 0-0 Be7 5. c4 0-0 6. d4 dxc4 7. Ne5 Nc6 8. Bxc6 bxc6 9. Nxc6 Qe8 10. Nxe7+ Qxe7 11. Qa4 e5 12. dxe5 Qxe5 13. Qxc4 Be6 14. Qc2 Bf5 15. Qc4 Be6 16. Qc2 Bf5 17. Qc4 Be6 1/2-1/2